| 000 | 00588nam a22001937a 4500 | ||
|---|---|---|---|
| 003 | dpl | ||
| 005 | 20180726130035.0 | ||
| 008 | 180726b xxu||||| |||| 00| 0 eng d | ||
| 020 |
_a8129708027 _c0.00 |
||
| 035 | _aB-225961 | ||
| 040 |
_aDPL _bEN _c0 |
||
| 082 | _a382.92 | ||
| 100 | _aVasudeva P K | ||
| 245 |
_aWorld Trade Organization / _bImplications for Indian Economy _cby P K Vasudeva |
||
| 260 |
_aSingapore _bPearson Education _c2005 |
||
| 300 |
_axii;530p.; _c22cm |
||
| 500 | _aincludes Case studies,Bibliography and Index | ||
| 942 |
_2ddc _cEN _h382.92 _mVAS |
||
| 999 |
_c154879 _d154879 |
||